The Legend of Korra Characters by Picture - Statistics

General Stats
  • This quiz has been taken 203 times
  • The average score is 12 of 14
Answer Stats
Picture Answer % Correct
Korra
99%
Bolin
96%
Asami
95%
Tenzin
94%
Mako
93%
Bumi
87%
Lin Beifong
85%
Naga
82%
Raava
80%
Jinora
74%
Meelo
72%
Pabu
70%
Ikki
68%
Suyin Beifong
65%
No matching quizzes found
Score Distribution
Percent of People with Each Score
Percentile by Number Answered
Your Score History
You have not taken this quiz